Least Visited National Parks - Statistics

General Stats
  • This quiz has been taken 9 times
  • The average score is 4 of 10
Answer Stats
Hint Answer % Correct
11,907 Gates of the Arctic
88%
81,670 Wrangell-St. Elias
63%
28,806 Isle Royale
50%
22,567 American Samoa
38%
84,873 Dry Tortugas
38%
18,505 Lake Clark
38%
152,063 Great Basin
25%
36,230 Katmai
25%
17,233 Kobuk Valley
25%
16,485 North Cascades
25%
No matching quizzes found
Score Distribution
Percent of People with Each Score
Percentile by Number Answered
Your Score History
You have not taken this quiz